| 000 | 00832nam a2200205 i 4500 | ||
|---|---|---|---|
| 001 | 149820 | ||
| 003 | ES-MaACL | ||
| 005 | 20230906203254.0 | ||
| 007 | t| | ||
| 008 | 071024s1923 cu ||||1| spa d | ||
| 100 | 1 |
_aValverde y Maruri, Antonio L. _9113022 |
|
| 245 | 1 | 0 |
_aColonización e inmigraciones en Cuba / _cdiscurso leído en la recepción pública del doctor Antonio L. Valverde y Maruri el 28 de junio de 1923 ; contesta en nombre de la corporación Fernando Ortiz Fernández. |
| 260 |
_aHabana : _bAcademia de la Historia de Cuba, _c1923. |
||
| 300 |
_a98 p. ; _c28 cm. |
||
| 651 | 4 |
_aCuba- _xHistoria- _y1524-1895, Época colonial. _9152022 |
|
| 651 | 0 |
_aCuba- _xInmigración. _98109 |
|
| 700 | 1 |
_aOrtiz Fernández, Fernando. _987615 |
|
| 710 | 2 |
_aAcademia de la Historia de Cuba. _91183 |
|
| 852 |
_aES-MaACL _jB-12051 |
||
| 999 |
_c149820 _d149820 |
||